ბათუმის შოთა რუსთაველის სახელმწიფო უნივერსიტეტის ბიბლიოთეკა

Contemporary Field Social Work: (ბიბ.ჩანაწერი № 59681)

000 -LEADER
fixed length control field 00813nam a22002057a 4500
005 - DATE AND TIME OF LATEST TRANSACTION
control field 20230331155130.0
008 - FIXED-LENGTH DATA ELEMENTS--GENERAL INFORMATION
fixed length control field 230331s2011 enk||||| |||| 00| 0 eng d
020 ## - INTERNATIONAL STANDARD BOOK NUMBER
International Standard Book Number 9781412987196x
041 ## - LANGUAGE CODE
Language code of text/sound track or separate title eng
080 ## - UNIVERSAL DECIMAL CLASSIFICATION NUMBER
Universal Decimal Classification number 364 D-69
100 ## - MAIN ENTRY--PERSONAL NAME
Personal name Doel, Mark
9 (RLIN) 17295
245 ## - TITLE STATEMENT
Title Contemporary Field Social Work:
Remainder of title Integrating Field and Classroom Experience,
Statement of responsibility, etc. Mark Doel, Steven M. Shardlow, Paul G. Johnson.
264 ## - PRODUCTION, PUBLICATION, DISTRIBUTION, MANUFACTURE, AND COPYRIGHT NOTICE
Place of production, publication, distribution, manufacture Los Angeles :
Name of producer, publisher, distributor, manufacturer SAGE,
Date of production, publication, distribution, manufacture, or copyright notice 2011.
300 ## - PHYSICAL DESCRIPTION
Extent 312 p.;
Other physical details 23 cm.
653 ## - INDEX TERM--UNCONTROLLED
keyword სოციალური სამსახურის თანამედროვე სფერო
653 ## - INDEX TERM--UNCONTROLLED
keyword საკლასო გამოცდილება
700 ## - ADDED ENTRY--PERSONAL NAME
Personal name Shardlow, Steven M.
Relator term ავტორი
9 (RLIN) 17375
700 ## - ADDED ENTRY--PERSONAL NAME
Personal name Johnson, Paul G.
Relator term ავტორი
9 (RLIN) 17408
942 ## - ADDED ENTRY ELEMENTS (KOHA)
Source of classification or shelving scheme
Koha item type წიგნი
ეგზემპლარები
Withdrawn status Lost status Source of classification or shelving scheme Damaged status Not for loan Permanent Location Current Location Shelving location Date acquired Cost, normal purchase price Full call number Barcode Date last seen Copy number Price effective from Koha item type Public note
          ბათუმის შოთა რუსთაველის სახელმწიფო უნივერსიტეტის მთავარი ბიბლიოთეკა ბათუმის შოთა რუსთაველის სახელმწიფო უნივერსიტეტის მთავარი ბიბლიოთეკა წიგნსაცავი 2023-03-31 10.00 364 D-69 64087 2023-03-31 64087 2023-03-31 წიგნი 10 ₾